书目信息 |
| 题名: |
船舶原理
|
|
| 作者: | 潘晓明 主编 | |
| 分册: | ||
| 出版信息: | 北京 人民交通出版社 2007 |
|
| 页数: | 286页 | |
| 开本: | 26cm | |
| 丛书名: | ||
| 单 册: | ||
| 中图分类: | U661 | |
| 科图分类: | ||
| 主题词: | 船舶原理--高等教育--教材 | |
| 电子资源: | ||
| ISBN: | 978-7-114-06375-6 | |
| 000 | 00894nam0 2200241 450- | |
| 001 | 0101389989 | |
| 005 | 20070521163207.0 | |
| 010 | @a978-7-114-06375-6@dCNY33.00 | |
| 100 | @a20070104d2007 em y0chiy0120 ea | |
| 101 | 0 | @achi |
| 102 | @aCN@b110000 | |
| 105 | @aa z 000yy | |
| 106 | @ar | |
| 200 | 1 | @a船舶原理@9Chuan Bo Yuan Li @f潘晓明主编@b专著 |
| 210 | @a北京@c人民交通出版社@d2007 | |
| 215 | @a286页@c图@d26cm | |
| 300 | @a高等职业教育规划教材 交通职业教育教学指导委员会推荐教材 高等职业院校船舶技术类专业教学用书 船舶工程技术专业 | |
| 330 | @a本书共分十章,主要内容包括:船体几何要素及近似计算、浮性、初稳性、大倾角稳定性、抗沉性、流体力学基础、船舶阻力、船舶推进、操纵性和耐波性方面的知识。 | |
| 606 | 0 | @a船舶原理@x高等教育@j教材 |
| 690 | @aU661@v4 | |
| 701 | 0 | @a潘晓明@c(船舶技术)@4主编@9pan xiao ming |
| 801 | 0 | @aCN@bAZmarc@c20230902 |
| 905 | @aBZT@dU661@e3@f2@sU661/3 | |
| 船舶原理/潘晓明主编.-北京:人民交通出版社,2007 |
| 286页:图;26cm |
| 高等职业教育规划教材 交通职业教育教学指导委员会推荐教材 高等职业院校船舶技术类专业教学用书 船舶工程技术专业 |
| ISBN 978-7-114-06375-6:CNY33.00 |
| 本书共分十章,主要内容包括:船体几何要素及近似计算、浮性、初稳性、大倾角稳定性、抗沉性、流体力学基础、船舶阻力、船舶推进、操纵性和耐波性方面的知识。 |
| ● |
| 相关链接 |
|
|
|
正题名:船舶原理
索取号:U661/3
 
预约/预借
| 序号 | 登录号 | 条形码 | 馆藏地/架位号 | 状态 | 备注 |
| 1 | 2000051987 | 2000051987 | 旧书回溯/ [索取号:U661/3] | 在馆 | |
| 2 | 2000067326 | 2000067326 | 旧书回溯/ [索取号:U661/3] | 在馆 |